01426nam a22001937a 45000010005000000030006000050050017000110080041000280200018000690400029000870500019001160820009001351000017001442450112001612600031002733000048003045200838003526500042011908655FISKH20251008151649.0251008b cb ||||| |||| 00| 0 eng d a9788178090214 aFISKHbengcFISKHdFISKH aBJ1581.2 .Z535 a158  aZiglar, Zig  aSomething else to smile about : bMore encouragement and inspiration for life's ups and downs /cZig Ziglar aMumbai : bMagna, c1999. a204 pages : bcolor illustrations ; c21 cm aHumorous anecdotes, poignant encounters, and touching narratives breathe life into lessons on character, leaving a legacy, true greatness, personal integrity, and overcoming adversity. In Something Else to Smile About, Ziglar shares stories of: the country lawyer who won case after case by understanding his opponent's point of view mediocre college athlete's who became legends in the professional ranks a Catholic sister whose "tough love" motivates teh chemically additced to take personal responsibility countless individuals who've learned that failure is an event, not a person Whether you need a morning shot of ambition or a refreshing thought before a good night's sleep, Something Else to Smile About is a daily source of motivation and encouragement you'll turn to again and again and enthusiastically share with others.  aMotivational vBible GuidexSelf-help